Statistiques concernant Tous les adversaires de l'équipe de France de Foot

Cliquez ici pour prendre le quiz!

Statistiques générales

  • Ce quiz a été pris 516 fois
    (272 depuis la dernière actualisation)
  • Le résultat moyen est 63 sur 86

Statistiques - réponses

Réponse% Correct
Argentine
96%
Brésil
96%
Espagne
94%
Russie
94%
Allemagne
93%
Italie
93%
Portugal
93%
Angleterre
92%
Maroc
92%
Algérie
91%
Belgique
91%
Etats-Unis
91%
Japon
90%
Suisse
90%
Australie
88%
Canada
88%
Irlande
88%
Suède
88%
Chine
87%
Danemark
87%
Mexique
87%
Norvège
87%
Afrique du Sud
86%
Pays-Bas
86%
Uruguay
86%
Chili
85%
Corée du Sud
85%
Finlande
85%
Tunisie
85%
Colombie
82%
Turquie
82%
Croatie
81%
Grèce
80%
Luxembourg
80%
Sénégal
80%
Ukraine
80%
Hongrie
78%
Islande
78%
Pologne
78%
Pérou
77%
Autriche
76%
Ecosse
76%
Egypte
75%
Paraguay
75%
Equateur
73%
Nouvelle-Zélande
73%
Pays de Galles
73%
Andorre
71%
Lettonie
71%
Roumanie
71%
Slovaquie
71%
Albanie
70%
Bulgarie
70%
Cameroun
70%
Estonie
70%
Serbie
70%
Slovénie
70%
Lituanie
68%
Bosnie-Herzégovine
67%
Arabie Saoudite
66%
République Tchèque
66%
Bolivie
65%
Côte d'Ivoire
65%
URSS
65%
Biélorussie
64%
Honduras
64%
Iran
64%
Costa Rica
63%
Irlande du Nord
63%
Yougoslavie
63%
Gibraltar
59%
Moldavie
59%
Nigeria
59%
Kazakhstan
56%
Jamaïque
55%
Tchécoslovaquie
54%
Israël
52%
Malte
51%
Arménie
50%
Géorgie
50%
Chypre
48%
RDA
48%
Togo
47%
Azerbaïdjan
42%
Koweït
36%
Iles Féroé
29%

Distribution des résultats

Percentile par nombre de réponses

% des personnes avec chaque résultat

Votre développement - résultats

Vous n’avez pas pris ce quiz depuis la dernière actualisation